00378 2200157 4500001002100000005001500021035002000036245003500056100001100091300002800102260003100130082000800161084001400169020002200183990001500205INLIS00000000000326820251203104733 a0010-12250000891 aTeka-Teki Rumah Aneh /cUketsu0 aUketsu a224 hlm ;c13,5 x 20 cm aJakarta :bGramedia,c2025 a813 a813 UKE t a978-602-0669-96-0 a19743/B/26